| 000 | 00638nam a2200181Ia 4500 | ||
|---|---|---|---|
| 008 | 090630s9999 xx 000 0 und d | ||
| 082 | _b15709 | ||
| 100 | _aवाळिंबे शरच्चंद्र. | ||
| 245 |
_aसौभाग्य. _cवाळिंबे शरच्चंद्र. |
||
| 260 | _bयुनिटी प्रकाशन. | ||
| 300 | _a0 | ||
| 600 | _aवाळिंबे शरच्चंद्र. | ||
| 630 | _aसौभाग्य. | ||
| 655 | _aकादंबरी. | ||
| 700 | _aवाळिंबे शरच्चंद्र. | ||
| 730 | _aसौभाग्य. | ||
| 942 | _cBOOK | ||
| 999 |
_c267565 _d267565 |
||